Statistics for Spider-Man 2 Characters

Click here to take the quiz!

General Stats

  • This quiz has been taken 21 times
  • The average score is 5 of 7

Answer Stats

HintAnswer% Correct
Tobey MaguireSpider-Man
100%
Kirsten DunstMary-Jane Watson
89%
Alfred MolinaDoctor Octopus
78%
James FrancoHarry Osborn
78%
Rosemary HarrisMay Parker
67%
JK SimmonsJ Jonah Jameson
61%
Elizabeth BanksBetty Brant
33%

Score Distribution

Percentile by Number Answered

Percent of People with Each Score

Your Score History

You have not taken this quiz